Visualizzazione normale
Vista MARC
- Heyman Edward
di Personal Name
Records bibliografici associati: 1
001 - CONTROL NUMBER
- control field: 20336
003 - CONTROL NUMBER IDENTIFIER
- control field: IT-RoPau
005 - DATE AND TIME OF LATEST TRANSACTION
- control field: 20140411154602.0
008 - FIXED-LENGTH DATA ELEMENTS
- fixed length control field: 140411|| aca||aabn | a|a d
040 ## - CATALOGING SOURCE
- Original cataloging agency: IT-RoPau
- Transcribing agency: IT-RoPau
100 ## - HEADING--PERSONAL NAME
- Personal name: Heyman Edward
- Miscellaneous information: Codice autore SPICS: 15566
- Name of part/section of a work: Out of Nowhere
- Relator term: Autore
670 ## - SOURCE DATA FOUND
- Source citation: Work cat.: (IT-RoPau)98853: Carter Benny 20327, Benny Carter